书目信息 |
| 题名: |
地理建模实验教程
|
|
| 作者: | 郭飞 , 韦玉春 编著 | |
| 分册: | ||
| 出版信息: | 北京 科学出版社 2013.03 |
|
| 页数: | 112页 | |
| 开本: | 24cm | |
| 丛书名: | ||
| 单 册: | ||
| 中图分类: | P208.2 | |
| 科图分类: | ||
| 主题词: | 地理信息系统--系统建模--教材 , 地理信息系统 , 系统建模 | |
| 电子资源: | ||
| ISBN: | 978-7-03-036907-9 | |
| 000 | 01132nam0 2200289 450 | |
| 001 | 010050026790 | |
| 005 | 20130504153952.43 | |
| 010 | @a978-7-03-036907-9@dCNY25.00 | |
| 100 | @a20130408d2013 em y0chiy50 ea | |
| 101 | 0 | @achi |
| 102 | @aCN@b110000 | |
| 105 | @aak z 000yy | |
| 106 | @ar | |
| 200 | 1 | @a地理建模实验教程@9di li jian mo shi yan jiao cheng@f郭飞,韦玉春编著 |
| 210 | @a北京@c科学出版社@d2013.03 | |
| 215 | @a112页@c图@d24cm | |
| 300 | @a地理信息技术实训系列教程 地理科学国家级实验教学示范中心建设项目 地理信息系统国家级教学团队建设项目 | |
| 330 | @a本书包括9个实验内容:数据转换;概念模型;数据整理;相关分析;因子分析;回归分析;模糊聚类分析;动态数据分析;空间数据分析等。 | |
| 333 | @a适合环境、遥感、地理、测绘、土地、海洋等学科的本科生及研究生实验使用,也可供资源环境、遥感和地理信息系统、计算机等领域的研究人员和技术人员参考 | |
| 606 | 0 | @a地理信息系统@x系统建模@j教材 |
| 606 | 0 | @a地理信息系统 |
| 606 | 0 | @a系统建模 |
| 690 | @aP208.2@v5 | |
| 701 | 0 | @a郭飞@9guo fei@4编著 |
| 701 | 0 | @a韦玉春@9wei yu chun@4编著 |
| 801 | 0 | @aCN@b人天书店@c20130408 |
| 905 | @b542991-95@dP208.2@e192@f5 | |
| 地理建模实验教程/郭飞,韦玉春编著.-北京:科学出版社,2013.03 |
| 112页:图;24cm |
| 地理信息技术实训系列教程 地理科学国家级实验教学示范中心建设项目 地理信息系统国家级教学团队建设项目.-使用对象:适合环境、遥感、地理、测绘、土地、海洋等学科的本科生及研究生实验使用,也可供资源环境、遥感和地理信息系统、计算机等领域的研究人员和技术人员参考 |
| ISBN 978-7-03-036907-9:CNY25.00 |
| 本书包括9个实验内容:数据转换;概念模型;数据整理;相关分析;因子分析;回归分析;模糊聚类分析;动态数据分析;空间数据分析等。 |
| ● |
| 相关链接 |
|
|
|
|
正题名:地理建模实验教程
索取号:P208.2/192
 
预约/预借
| 序号 | 登录号 | 条形码 | 馆藏地/架位号 | 状态 | 备注 |
| 1 | 542991 | 205429918 | 第二样本阅览室/ [索取号:P208.2/192] | 在馆 | |
| 2 | 542992 | 205429927 | 第三借阅区/ [索取号:P208.2/192] | 在馆 | |
| 3 | 542993 | 205429936 | 第三借阅区/ [索取号:P208.2/192] | 在馆 | |
| 4 | 542994 | 205429945 | 第三借阅区/ [索取号:P208.2/192] | 在馆 | |
| 5 | 542995 | 205429954 | 第三借阅区/ [索取号:P208.2/192] | 在馆 |